| 000 | 00841nam a2200181Ia 4500 | ||
|---|---|---|---|
| 008 | 100122s9999 xx 000 0 und d | ||
| 082 |
_b71300 _a823 |
||
| 100 | _aवसंता सी | ||
| 245 | _aभूतल स्वर्गातील घायाळ वसंत अनु- अरुणा लोखंडे | ||
| 260 |
_bसाकेत प्रकाशन _c2006 |
||
| 300 | _a122 | ||
| 520 | _aतेलगू कादंबरी | ||
| 620 | _aतेलगू कादंबरी | ||
| 630 | _aभूतल स्वर्गातील घायाळ वसंत अनु- अरुणा लोखंडे | ||
| 700 | _aलोखंडे अरुणा | ||
| 730 | _aभूतल स्वर्गातील घायाळ वसंत अनु- अरुणा लोखंडे | ||
| 942 | _cBOOK | ||
| 999 |
_c441942 _d441939 |
||